=LDR 00000nam 2200000 4500 =001 INLIS000000000031343 =005 20130612133425 =008 ***********************************ind** =035 ##$$0010-061300000031343 =041 ##$$a ind =082 ##$$a 664. 07 =090 ##$$a 664. 07 , Roh a =100 ##$$a Rohman,Abdul =245 ##$$a Analisis makanan, oleh Abdul Rohman,Sumantri =260 ##$$a 2007 $b Yogyakarta =300 ##$$a viii, 269 hlm. , ilus. , 21 cm =650 ##$$a Makanan =650 ##$$a Analisis =700 ##$$a Sumantri =850 ##$$a NBPNMAT =990 ##$$a 21400613/BPAP-NTB/20142014 =990 ##$$a 21400613/BPAP-NTB/20142014 =990 ##$$a 0001/BPAP-NTB/20142014 =990 ##$$a 21602220/BPAP-NTB/2017